00447nam a2200157Ia 45000010006000000050017000060080041000230410008000640820016000721000039000882450109001272600009002363000028002456500008002736540008002812124720260306172905.0260306t2016||||xx |||||||||||||| ||spa|| aESP a344.41bZ95 aZúñiga Rodríguez, LauraeAUT 0aLey contra el crimen organizado (ley N° 30077):baspectos sustantivos procesales y de ejecución penal c2016 a718 páginas :c25 cm. aGEN aCDE